| 000 | 00507nam a22001697a 4500 | ||
|---|---|---|---|
| 003 | CEME | ||
| 005 | 20210628205711.0 | ||
| 008 | 210315b xxu||||| |||| 00| 0 eng d | ||
| 040 | _c. | ||
| 082 | _a297.1242 DAW | ||
| 100 |
_aWaheed-Uz-Zaman, Allama Amam Abu Dawood Suleman Sajestani _976707 |
||
| 245 | _aSunnan abu dawood sharif | ||
| 260 |
_aLAHORE _bNOUMANI KUTAB KHANA _c1987 |
||
| 300 | _a748P, 3 VOLS | ||
| 650 |
_aISLAM-HADITH-SUNNAN ABU DAWOOD SHARIF ABU DAWOOD SHARIF _976708 |
||
| 942 |
_cBK _2ddc |
||
| 999 |
_c582052 _d582052 |
||